| 000 | 01576nam0a2200385 4500 | ||
|---|---|---|---|
| 001 | RU\NLR\BIBL_A\022330518 | ||
| 005 | 20260420014839.0 | ||
| 010 |
_a978-5-6049795-0-1 _91000 |
||
| 021 |
_aRU _bКН-П-24-046664 _9КН-П-24-4642 |
||
| 035 | _a(NLR Aleph) 022330518 | ||
| 090 |
_a13665493 _c13665493 |
||
| 100 | _a20240923d2023 u y0rusy50 ca | ||
| 101 | 0 |
_arus _aeng |
|
| 102 | _aRU | ||
| 105 | _aac z 010gy | ||
| 181 | 0 |
_ai3 _baxxe |
|
| 182 | 0 | _an | |
| 200 | 1 |
_aИзбранные стихотворения _dSelected poems _eна русском и английском языках _e[к 100-летию со дня рождения Расула Гамзатовича Гамзатова] _fРасул Гамзатов _zeng |
|
| 203 |
_aТекст _bвизуальный _cнепосредственный |
||
| 210 |
_aМахачкала _cДагестан _d2023 |
||
| 215 |
_a239 с. _cил., портр. _d21 |
||
| 300 | _aОбл. на на англ. яз. | ||
| 300 | _aАвт. также на англ. яз.: Rasul Gamzatov | ||
| 300 | _aТекст парал. рус., англ. | ||
| 510 | 1 |
_6z22790 _aSelected poems _zeng |
|
| 686 | 2 | _aШ6(2=Ав)7-5 | |
| 700 | 1 |
_7ca _8rus _aГамзатов _bР.Г. _f1923-2003 _gРасул Гамзатович _914158 _3RU\NLR\AUTH\7731147 |
|
| 790 | 1 |
_6z22510 _aGamzatov _bR. G. _f1923-2003 _gRasul Gamzatovič |
|
| 942 | _cBOOK | ||
| 980 | _aNB | ||